00531nam a22001697a 450000500170000001000140001702000100003103500130004103700130005408200120006710000180007924500840009726000440018127000550022530000410028050000400032120100809165246.0 aENG-99069 c90.00 aEN-82601 bDBAD/PUB a181.499 aRajendran, J. aBarefoot philosopher :bswami Vethathiri Maharishi his life & mission 1911-2006 aChennaibG.K.Publishers(Dhakshin)c2008 aNo.16, M.R.M. Road, West TambarambChennaie600045 a158p.:bill.c21cm (pbk)eb&w photos aIncludes bibliographical references